Online
Catalog

Obras / (Record no. 15054)

MARC details
000 -CABECERA
campo de control de longitud fija 01020nam a2200265 a 4500
001 - NÚMERO DE CONTROL
campo de control 000015498
005 - FECHA Y HORA DE LA ÚLTIMA TRANSACCIÓN
campo de control 20240508073815.0
008 - DATOS DE LONGITUD FIJA--INFORMACIÓN GENERAL
campo de control de longitud fija 100211s2009 dr r 001 0 spa d
020 ## - NÚMERO INTERNACIONAL ESTÁNDAR DEL LIBRO
Número Internacional Estándar del Libro 9789945020908
040 ## - FUENTE DE LA CATALOGACIÓN
Centro catalogador/agencia de origen DO-SdBNP
Lengua de catalogación spa
Centro/agencia transcriptor BNPHU
082 ## - NÚMERO DE LA CLASIFICACIÓN DECIMAL DEWEY
Número de clasificación RD868.4
Número de documento/Ítem D473o
100 1# - ENTRADA PRINCIPAL--NOMBRE DE PERSONA
Nombre de persona Despradel Batista, Guido,
Fechas asociadas al nombre 1909-1959
9 (RLIN) 35009
245 10 - MENCIÓN DE TÍTULO
Título Obras /
Mención de responsabilidad, etc. Guido Despradel Batista ; compilador Alfredo Rafael Hernández.
260 ## - PUBLICACIÓN, DISTRIBUCIÓN, ETC.
Lugar de publicación, distribución, etc. Santo Domingo :
Nombre del editor, distribuidor, etc. Archivo General de la Nación,
Fecha de publicación, distribución, etc. 2009.
300 ## - DESCRIPCIÓN FÍSICA
Extensión 2v. ;
Dimensiones 24 cm.
490 1# - MENCIÓN DE SERIE
Mención de serie Archivo General de la Nación
Designación de volumen o secuencia 85, 86
500 ## - NOTA GENERAL
Nota general Incluye índice onomástico
500 ## - NOTA GENERAL
Nota general Incluye datos biográficos del autor en las solapas
500 ## - NOTA GENERAL
Nota general Incluye referencias bibliográficas y notas al pie de las páginas
590 ## - NOTA LOCAL (RLIN)
Nota local Inventariado, 2018/BT
600 14 - PUNTO DE ACCESO ADICIONAL DE MATERIA--NOMBRE DE PERSONA
Nombre de persona DESPRADEL BATISTA, GUIDO
Subdivisión general COLECCIONES DE ESCRITOS
Fechas asociadas al nombre 1909-1959
9 (RLIN) 35010
650 #4 - PUNTO DE ACCESO ADICIONAL DE MATERIA--TÉRMINO DE MATERIA
Término de materia o nombre geográfico como elemento de entrada Artículos de prensa
9 (RLIN) 43
650 #0 - PUNTO DE ACCESO ADICIONAL DE MATERIA--TÉRMINO DE MATERIA
Término de materia o nombre geográfico como elemento de entrada Literatura dominicana.
9 (RLIN) 67
700 1# - PUNTO DE ACCESO ADICIONAL--NOMBRE DE PERSONA
Nombre de persona Hernández, Alfredo Rafael,
Término indicativo de función/relación comp.
9 (RLIN) 35011
Holdings
Estado de retiro Estado de pérdida No para préstamo Código de colección Localización permanente Ubicación/localización actual Ubicación en estantería Fecha de adquisición Número de inventario Total de préstamos Signatura topográfica completa Código de barras Fecha visto por última vez Precio válido a partir de Tipo de ítem Koha Restricciones de uso
    Excluido de préstamo Patrimonio Dominicano Patrimonio Dominicano Patrimonio Dominicano Depósito 11.02.2010 LF1   RD868.4 D473o | v. 1 15498-10 25.06.2020 25.06.2020 Libro y Folleto Colección Patrimonio Dominicano  
    Excluido de préstamo Patrimonio Dominicano Patrimonio Dominicano Patrimonio Dominicano Depósito 11.02.2010 LF1   RD868.4 D473o | v. 1, e. 2 15498-20 25.06.2020 25.06.2020 Libro y Folleto Colección Patrimonio Dominicano  
    Excluido de préstamo Patrimonio Dominicano Patrimonio Dominicano Patrimonio Dominicano Depósito 11.02.2010 LF1   RD868.4 D473o | v. 1, e.3 15498-30 25.06.2020 25.06.2020 Libro y Folleto Colección Patrimonio Dominicano  
    Excluido de préstamo Patrimonio Dominicano Patrimonio Dominicano Patrimonio Dominicano Depósito 19.03.2010 LF1   RD868.4 D473o | v. 1, e. 4 15498-40 25.06.2020 25.06.2020 Libro y Folleto Colección Patrimonio Dominicano  
      Patrimonio Dominicano Patrimonio Dominicano Patrimonio Dominicano Depósito 19.03.2010 LF1   RD868.4 D473o | v. 2 15498-50 25.06.2020 25.06.2020 Libro y Folleto Colección Patrimonio Dominicano  
      Patrimonio Dominicano Patrimonio Dominicano Patrimonio Dominicano Depósito 26.04.2010 LF1   RD868.4 D473o | v. 2, e.2 15498-60 25.06.2020 25.06.2020 Libro y Folleto Colección Patrimonio Dominicano  
      Patrimonio Dominicano Patrimonio Dominicano Patrimonio Dominicano Depósito 27.04.2011 LF1   RD868.4 D473o | v. 2, e. 3 15498-70 25.06.2020 25.06.2020 Libro y Folleto Colección Patrimonio Dominicano  

Powered by Koha